Sports Quiz

Random Sports or NCAA Quiz

Virginia Tech Hokies 2020-2021 schedule Quiz Stats

 Plays Quiz not verified by Sporcle

Support Sporcle.
Go Orange.
Score 0/12 Timer 01:00
0 Plays Today
Opponents % Correct
Virginia Cavaliers
81.8%
Miami Hurricanes
77.3%
Pittsburgh Panthers
63.6%
Duke Blue Devils
63.6%
Boston College Eagles
54.5%
Penn State Nittany Lions
50%
North Carolina Tar Heels
50%
Liberty Flames
45.5%
Georgia Tech Yellow Jackets
40.9%
Louisville Cardinals
36.4%
Middle Tennessee Blue Raiders
22.7%
North Alabama Lions
18.2%

You're not logged in!

Compare scores with friends on all Sporcle quizzes.
OR
Log In

From the Vault

'The Incredibles' Start to Finish

by Thebiguglyalien

It looks like they're racing. Do any of them really expect to beat Dash?
Remove Ads.
Support Sporcle.
Get the best of Sporcle when you Go Orange. This ad-free experience offers more features, more stats, and more fun while also helping to support Sporcle. Thank you for becoming a member.

Show Comments

Extras

Top Quizzes Today


Score Distribution

Your Account Isn't Verified!

In order to create a playlist on Sporcle, you need to verify the email address you used during registration. Go to your Sporcle Settings to finish the process.

Report this User

Report this user for behavior that violates our Community Guidelines.

Details: